| 000 | 03003nac a2200349 a 4500 | ||
|---|---|---|---|
| 003 | CO-PeBPM | ||
| 005 | 20250808182937.0 | ||
| 008 | 250808s2020 ck ao||| |||| 00| 0 spa d | ||
| 020 | _aISBN: 9789587941692 | ||
| 040 |
_aCO-PeBPM _bspa _cCO-PeBPM _erda |
||
| 041 | _aspa | ||
| 082 | 0 | 4 |
_a345 P962p _222 |
| 245 | 1 | 0 |
_aProblemas actuales de derecho penal económico, responsabilidad penal de las personas jurídicas, compliance penal y derechos humanos y empresa _c/ Grupo de investigación Escuela de Investigación en criminologías Críticas, Justicia Penal y Política Criminal "Luis Carlos Pérez"- Polcrymed; editores Estanislao Escalante [ y otros tres] |
| 250 | _aPrimera edición | ||
| 260 |
_aBogotá, Colombia _b: Universidad Nacional de Colombia _c, 2020 |
||
| 300 |
_a492 páginas _bilustraciones en blanco y negro, figuras, fotografías |
||
| 490 |
_aColección Coyuntura _v8 |
||
| 500 | _aIncluye índice | ||
| 504 | _aIncluye notas bibliográficas al final de cada capítulo | ||
| 520 | _a"Los avances y transformaciones geopolíticos, económicos, tecnológicos, industriales y financieros de las sociedades contemporáneas se han ido desarrollando paralelamente con diversas modalidades delictivas que cada vez son más sofisticadas y complejas, lo que ha puesto a prueba la eficacia de los Estados para comprender los fenómenos criminales, prevenirlos, combatirlos y gestionarlos. Procesos corruptos con alcance transnacional –como el soborno a altos dignatarios gubernamentales, evasión de impuestos con la anuencia de territorios no cooperantes, estafas financieras y defraudaciones en los mercados de capitales– y novedosos métodos de lavado de los recursos obtenidos ilícitamente son la preocupación actual que pone en entredicho el potencial del sistema penal para hacerles frente. En el ámbito internacional, este dinamismo ha conllevado la construcción de políticas en por lo menos tres escenarios: tipificando la responsabilidad penal de las personas jurídicas; delegando a las estructuras empresariales los deberes de prevención de la criminalidad mediante programas de cumplimiento; y creando o ampliando tipos penales para "nuevas" modalidades delictivas. Los problemas que se derivan de dicha complejidad son abordados en este libro por autores de Colombia, España y Argentina desde una perspectiva crítica de la cuestión criminal económica." | ||
| 650 | 1 | 4 |
_aDelitos económicos - Colombia _2LEMB |
| 650 | 1 | 4 |
_aDerecho penal colombiano _2LEMB |
| 650 | 1 | 4 |
_aPrevención del delito - Colombia _2LEMB |
| 650 | 1 | 4 |
_aResponsabilidad penal - Colombia _2LEMB |
| 650 | 1 | 4 |
_aDerecho penal colombiano - Congresos, conferencias, etc. _2LEMB |
| 650 | 1 | 4 |
_aResponsabilidad penal de las personas jurídicas _2LEMB |
| 700 | 1 |
_aLamadrid, Miguel _eeditor |
|
| 700 | 1 |
_a Cristancho Ariza, Mauricio _eeditor |
|
| 700 | 1 |
_aCarvajal, Jorge _eeditor |
|
| 942 |
_2ddc _cBK _n0 |
||
| 999 |
_c61143 _d61143 |
||